Top 4 Serie A di Calcio - Statistics

Statistiche generali
  • Questo quiz è stato fatto 1.522 volte
  • Il punteggio medio è 21 su 46
Statistiche sulle risposte
Risposta % Corretto
Juventus
100%
Inter
100%
Milan
100%
Napoli
100%
Lazio
99%
Roma
99%
Atalanta
96%
Fiorentina
94%
Genoa
94%
Sampdoria
91%
Torino
91%
Bologna
89%
Udinese
84%
Hellas Verona
83%
Pro Vercelli
82%
Cagliari
77%
Parma
73%
ChievoVerona
68%
Venezia
49%
Vicenza
41%
Pisa
39%
Livorno
37%
Perugia
37%
Casale
36%
Modena
31%
Padova
31%
Triestina
29%
Alessandria
26%
SPAL
25%
Ascoli
23%
Novese
19%
Sampierdarenese
8%
Andrea Doria
4%
Torinese
3%
Internazionale Torino
2%
Savoia
2%
Alba Roma
1%
Fortitudo
1%
Ginnastica Torino
1%
US Milanese
1%
Anconitana
0%
Internaples
0%
Internazionale Napoli
0%
Naples
0%
Petrarca
0%
Puteolana
0%
Nessun quiz corrispondente trovato
Distribuzione punteggi
Percentuale di utenti per punteggio
Percentile per numero di risposta
I tuoi punteggi nel tempo
Non hai fatto questo quiz